| 000 | 00384nam a2200121Ia 4500 | ||
|---|---|---|---|
| 008 | 171212s9999 xx 000 0 und d | ||
| 020 | _a9781911307082 | ||
| 100 | _aBiel, Robert | ||
| 245 |
_cBiel, Robert _aSustainable Food Systems _bThe Role of the City |
||
| 260 |
_bUCL Press _c2016 |
||
| 650 | _aArchitecture & Architectural History | ||
| 856 | _uhttp://jstor.org/stable/j.ctt1j1vzc5 | ||
| 999 |
_c352892 _d352892 |
||